[Event "HEM 2015 B Turnier"]
[Site "Frankfurt-Sossenheim"]
[Date "2015.??.??"]
[Round "6.26"]
[White "Bennewitz, Ralph"]
[Black "Mook, Karl-Juergen"]
[Result "1-0"]
[WhiteElo "1924"]
[BlackElo "1570"]
[PlyCount "83"]
[EventDate "2015.??.??"]
[WhiteTeam "SC Sulzbach"]
[BlackTeam "SC Sulzbach"]

1. b3 e5 2. Bb2 Nc6 3. e3 Bc5 4. Bb5 Nge7 5. Ne2 O-O 6. Ng3 d6 7. O-O a6 8. Be2
Nf5 9. Ne4 Ba7 10. c4 Be6 11. Nbc3 h6 12. a3 Nfe7 13. f4 d5 14. cxd5 Nxd5 15.
f5 Nxc3 16. Bxc3 Bd5 17. Qc2 Bxe4 18. Qxe4 f6 19. Rf3 Qd6 20. Rh3 b5 21. Qg4
Kh8 22. b4 Ne7 23. Rd1 Qd7 24. Bf3 Rad8 25. Be4 c6 26. Bc2 Qe8 27. Bb3 c5 28.
bxc5 Bxc5 29. Rg3 g6 30. fxg6 Kg7 31. Ba5 Rd3 32. Bf7 Qc6 33. Rh3 Qd6 34. Rxh6
Bxe3+ 35. dxe3 Rxd1+ 36. Kf2 Rh8 37. Rxh8 Rd2+ 38. Ke1 Rd1+ 39. Qxd1 Qxd1+ 40.
Kxd1 Kxh8 41. Bd8 Nf5 42. Bxf6+ 1-0

[Event "HEM 2015 B Turnier"]
[Site "Frankfurt-Sossenheim"]
[Date "2015.??.??"]
[Round "6.27"]
[White "Reichel, Rolf"]
[Black "Krist, Stephan"]
[Result "1-0"]
[WhiteElo "1816"]
[BlackElo "1326"]
[PlyCount "105"]
[EventDate "2015.??.??"]
[WhiteTeam "SF Frankfurt"]
[BlackTeam "SVG Lauterbach"]

1. e4 e5 2. d4 exd4 3. c3 d6 4. cxd4 Nf6 5. Nc3 a6 6. Nf3 Be7 7. Bc4 O-O 8. O-O
b5 9. Bb3 Bb7 10. Re1 c5 11. d5 c4 12. Bc2 Nbd7 13. Be3 Rc8 14. h3 Re8 15. Nd4
Nc5 16. Qf3 b4 17. Nce2 Qc7 18. Rac1 Nfd7 19. Bf4 Ne5 20. Bxe5 dxe5 21. Nf5
Rcd8 22. Qg3 Bf6 23. Bb1 Bc8 24. Ne3 Qe7 25. Rxc4 Bh4 26. Qf3 Nd7 27. Nf5 Qg5
28. Nd6 Rf8 29. Rec1 Nb6 30. Rc6 Qe7 31. Nxc8 Nxc8 32. Rxa6 Qg5 33. Qe3 Qe7 34.
Qc5 Qb7 35. Rc6 Ne7 36. Rb6 Qd7 37. Qxb4 f5 38. d6 Bxf2+ 39. Kxf2 fxe4+ 40. Kg1
Nd5 41. Qb3 Qf7 42. Bxe4 Nxb6 43. Qxb6 Qh5 44. Qb3+ Kh8 45. Qd3 Qh6 46. Rd1 Qh4
47. Bf3 Rf6 48. d7 Rf7 49. Bg4 Qf2+ 50. Kh1 Re7 51. Qf3 Qc5 52. Ng3 Qc2 53. Rf1
1-0

[Event "HEM 2015 B Turnier"]
[Site "Frankfurt-Sossenheim"]
[Date "2015.??.??"]
[Round "6.28"]
[White "Koller, Wolfgang"]
[Black "Niedenthal, Robert"]
[Result "0-1"]
[WhiteElo "1639"]
[BlackElo "1781"]
[PlyCount "114"]
[EventDate "2015.??.??"]
[WhiteTeam "SC Sulzbach"]
[BlackTeam "SV Hofheim"]

1. e4 d5 2. exd5 Nf6 3. Bb5+ Bd7 4. Bc4 Bg4 5. f3 Bc8 6. Nc3 Nbd7 7. Nge2 Nb6
8. Bb5+ Bd7 9. Bxd7+ Qxd7 10. O-O Nbxd5 11. d3 e6 12. Ne4 Be7 13. N2c3 O-O 14.
Qe2 h6 15. a3 a5 16. Be3 Nxe3 17. Qxe3 b6 18. Kh1 Rab8 19. Rab1 c5 20. Rfd1 Qc6
21. Qe2 Rfe8 22. b3 Nd5 23. a4 f5 24. Nxd5 exd5 25. Nf2 Bg5 26. Qf1 Be3 27. Nh3
d4 28. Ng1 Re6 29. Ne2 f4 30. Ng1 Rf8 31. Nh3 g5 32. Re1 Rg6 33. Nf2 h5 34. Ne4
g4 35. Re2 Kh7 36. Rd1 Rfg8 37. Rde1 h4 38. fxg4 Rxg4 39. Qf3 Qh6 40. h3 R4g7
41. Rf1 Rg6 42. Rd1 Kh8 43. Rf1 Kg7 44. Rd1 Kf7 45. Rf1 Ke6 46. Nd2 Qf8 47.
Qc6+ Qd6 48. Qxd6+ Kxd6 49. Nc4+ Kd5 50. Nxe3+ fxe3 51. Rf4 Rh8 52. Kg1 Rhh6
53. Rf3 Rf6 54. Rxf6 Rxf6 55. g4 hxg3 56. Kg2 Rf2+ 57. Rxf2 gxf2 0-1

[Event "HEM 2015 B Turnier"]
[Site "Frankfurt-Sossenheim"]
[Date "2015.??.??"]
[Round "6.29"]
[White "Scheerer, Michael"]
[Black "Martens, Nick"]
[Result "0-1"]
[WhiteElo "1450"]
[BlackElo "1697"]
[PlyCount "70"]
[EventDate "2015.??.??"]
[WhiteTeam "SF Frankfurt"]
[BlackTeam "SF Battenberg"]

1. e4 d5 2. exd5 Qxd5 3. Nc3 Qa5 4. d4 Nf6 5. Nf3 Bg4 6. Be2 Ne4 7. Bd2 Nxd2 8.
Qxd2 e6 9. O-O c6 10. a3 Nd7 11. Rfe1 Nf6 12. Ne5 Bxe2 13. Qxe2 Bd6 14. Nc4 Qc7
15. Nxd6+ Qxd6 16. Rad1 O-O-O 17. Ne4 Qe7 18. Nxf6 gxf6 19. c4 h5 20. h3 h4 21.
d5 cxd5 22. cxd5 e5 23. b4 Kb8 24. f4 Rhe8 25. fxe5 fxe5 26. Qe4 Qg5 27. Rf1 f6
28. Qg4 Rf8 29. Qxg5 fxg5 30. Rf2 Rf4 31. Rxf4 gxf4 32. Kf2 Kc7 33. Kf3 Kd6 34.
a4 Rg8 35. Rc1 Rg3+ 0-1

[Event "HEM 2015 B Turnier"]
[Site "Frankfurt-Sossenheim"]
[Date "2015.??.??"]
[Round "6.30"]
[White "Davidov, Georgi"]
[Black "Boerkey, Luis"]
[Result "1-0"]
[WhiteElo "1662"]
[BlackElo "1531"]
[PlyCount "122"]
[EventDate "2015.??.??"]
[WhiteTeam "SC Rotenburg"]
[BlackTeam "Wiesbadener SV"]

1. e4 c5 2. Nf3 Nc6 3. Bb5 d6 4. O-O g6 5. d3 Bg7 6. Nc3 Nf6 7. Bg5 O-O 8. h3
e6 9. Re1 Qc7 10. Qd2 Rd8 11. Bxc6 Qxc6 12. e5 dxe5 13. Nxe5 Qe8 14. Ng4 Qe7
15. Qf4 Rd4 16. Bxf6 Bxf6 17. Qxf6 Qxf6 18. Nxf6+ Kg7 19. Ne8+ Kf8 20. Nf6 Kg7
21. Nfe4 b6 22. Re3 Bb7 23. a3 Rad8 24. Nd2 Ba6 25. Nb3 R4d7 26. Rae1 c4 27.
dxc4 Bxc4 28. f4 Bxb3 29. cxb3 Rd2 30. R1e2 R8d4 31. Rxd2 Rxd2 32. Re2 Rd4 33.
g3 Rd3 34. Kf2 a6 35. b4 Kf8 36. Ne4 Ke7 37. Rd2 Rb3 38. Rc2 Kd8 39. Ng5 Ke7
40. Nxh7 Rd3 41. Ng5 f6 42. Nf3 Kd6 43. Rd2 Rxd2+ 44. Nxd2 b5 45. Ke3 Kd5 46.
g4 f5 47. g5 e5 48. h4 e4 49. b3 Kd6 50. Kd4 Ke6 51. Nxe4 fxe4 52. Kxe4 Kd6 53.
f5 gxf5+ 54. Kxf5 Ke7 55. h5 Kf8 56. Kf6 a5 57. bxa5 b4 58. axb4 Kg8 59. a6 Kh8
60. a7 Kh7 61. Kf7 Kh8 1-0

[Event "HEM 2015 B Turnier"]
[Site "Frankfurt-Sossenheim"]
[Date "2015.??.??"]
[Round "6.31"]
[White "Boerkey, Pierre"]
[Black "Froehlich-Dill, Astrid"]
[Result "0-1"]
[WhiteElo "1375"]
[BlackElo "1925"]
[PlyCount "94"]
[EventDate "2015.??.??"]
[WhiteTeam "Wiesbadener SV"]
[BlackTeam "SV Hofheim"]

1. d4 Nf6 2. c4 e6 3. Nf3 b6 4. g3 Bb7 5. Bg2 Be7 6. Nc3 O-O 7. O-O h6 8. Bd2
d5 9. cxd5 exd5 10. Rc1 Nc6 11. a3 Ne4 12. e3 Nxc3 13. Rxc3 Qd7 14. Qc2 Bd6 15.
Rc1 Nd8 16. b4 c6 17. Re1 f5 18. Nh4 Qf7 19. f4 Rc8 20. Bh3 g6 21. Bc1 Ne6 22.
g4 Qf6 23. Qf2 Be7 24. Nf3 fxg4 25. Bxg4 Bd6 26. Qh4 h5 27. Bxe6+ Qxe6 28. Ng5
Qf6 29. Rc2 Rce8 30. Rf2 Bc8 31. Bd2 Bf5 32. Nf3 Qg7 33. Ne5 Be7 34. Nxc6 Bxh4
35. Ref1 Bxf2+ 36. Rxf2 Rc8 37. Ne5 Rc2 38. b5 Re8 39. a4 Rxe5 40. fxe5 Qc7 41.
Re2 Rxd2 42. Rxd2 Qc1+ 43. Kf2 Qxd2+ 44. Kf3 g5 45. e6 Bg4+ 46. Kg3 Qxe3+ 47.
Kg2 Bh3+ 0-1

[Event "HEM 2015 B Turnier"]
[Site "Frankfurt-Sossenheim"]
[Date "2015.??.??"]
[Round "6.32"]
[White "Boehme, Jonas"]
[Black "Kuenitz, Klaus"]
[Result "1/2-1/2"]
[WhiteElo "1095"]
[BlackElo "1714"]
[PlyCount "40"]
[EventDate "2015.??.??"]
[WhiteTeam "SG Somplar"]
[BlackTeam "TSV Schott Mainz"]

1. f4 f5 2. Nf3 d6 3. g3 Nc6 4. Bg2 Nf6 5. O-O e5 6. fxe5 dxe5 7. d3 Bc5+ 8.
Kh1 Ng4 9. Qe1 O-O 10. Bg5 Qe8 11. e4 f4 12. gxf4 Ne3 13. Qc3 Bb6 14. Re1 h6
15. Bh4 exf4 16. Nbd2 Nxg2 17. Kxg2 g5 18. Bf2 g4 19. Rg1 Kh7 20. Kf1 Rg8
1/2-1/2

[Event "HEM 2015 B Turnier"]
[Site "Frankfurt-Sossenheim"]
[Date "2015.??.??"]
[Round "6.33"]
[White "Kirschner, Philipp"]
[Black "Schwarz, Daniel"]
[Result "1/2-1/2"]
[WhiteElo "1640"]
[BlackElo "1429"]
[PlyCount "102"]
[EventDate "2015.??.??"]
[WhiteTeam "Sfr. Kelkheim"]
[BlackTeam "SG Idstein"]

1. d4 Nf6 2. Bg5 e6 3. e4 Be7 4. e5 Nd5 5. Bxe7 Nxe7 6. Nf3 b6 7. c4 d6 8. exd6
Qxd6 9. Nc3 Bb7 10. Bd3 O-O 11. O-O Nbc6 12. Bxh7+ Kh8 13. Be4 f6 14. Ng5 g6
15. Bxg6 Kg8 16. Nge4 Qxd4 17. Qxd4 Nxd4 18. Rad1 Ne2+ 19. Nxe2 Nxg6 20. Rd7
Rf7 21. Rxf7 Kxf7 22. N2c3 Nh4 23. f3 Rg8 24. Ng3 f5 25. Rf2 Bxf3 26. gxf3 f4
27. Nce4 Nf5 28. Rd2 Ke7 29. Kf2 fxg3+ 30. hxg3 Rh8 31. Kg1 c5 32. Rh2 Rxh2 33.
Kxh2 Ne3 34. b3 Nc2 35. Kh3 Nb4 36. Nc3 Nc6 37. g4 Kf7 38. Kg3 Kg6 39. Kf4 Kf6
40. Ke4 Kg6 41. f4 Kf6 42. f5 exf5+ 43. gxf5 Kf7 44. Kd5 Nb4+ 45. Kd6 Kf6 46.
Nd5+ Kxf5 47. Nxb4 cxb4 48. Kc6 Ke6 49. Kb7 Kd7 50. Kxa7 Kc7 51. Ka6 Kc6
1/2-1/2

[Event "HEM 2015 B Turnier"]
[Site "Frankfurt-Sossenheim"]
[Date "2015.??.??"]
[Round "6.34"]
[White "Nesse, David"]
[Black "Sciurti, Carmine"]
[Result "1-0"]
[WhiteElo "1553"]
[BlackElo "1233"]
[PlyCount "87"]
[EventDate "2015.??.??"]
[BlackTeam "SV Großauheim"]

1. e4 c5 2. Nc3 Nc6 3. Bb5 e5 4. Bxc6 bxc6 5. d3 d6 6. Nge2 g6 7. O-O Bg7 8. f4
exf4 9. Bxf4 Nf6 10. Bg5 O-O 11. Qe1 h6 12. Bh4 g5 13. Bg3 Ng4 14. Qd2 Rb8 15.
b3 Ra8 16. d4 cxd4 17. Nxd4 Qb6 18. Rad1 Be5 19. Kh1 Bxg3 20. hxg3 Ba6 21. Rf5
Bc8 22. Rf3 Be6 23. Nxe6 fxe6 24. Rxf8+ Rxf8 25. Qxd6 Nf2+ 26. Kh2 Nxd1 27.
Qxe6+ Kg7 28. Qe7+ Rf7 29. Qe5+ Kf8 30. Qd6+ Ke8 31. Qe6+ Re7 32. Qc8+ Qd8 33.
Qxc6+ Qd7 34. Qg6+ Kd8 35. Nd5 Re6 36. Qf5 Qe8 37. Nf6 Qf7 38. Qd5+ Ke7 39. e5
Ne3 40. Qc5+ Kd8 41. Qxe3 Rxf6 42. Qd4+ Ke8 43. exf6 Qh5+ 44. Kg1 1-0

[Event "HEM 2015 B Turnier"]
[Site "Frankfurt-Sossenheim"]
[Date "2015.??.??"]
[Round "6.36"]
[White "Pyshny, Anton"]
[Black "Soter, Ehrenfried"]
[Result "1-0"]
[WhiteElo "1287"]
[BlackElo "945"]
[PlyCount "77"]
[EventDate "2015.??.??"]
[WhiteTeam "SC Eschborn"]
[BlackTeam "SC Königsspringer Alzenau"]

1. e4 e5 2. Nf3 Nc6 3. Bc4 Nf6 4. Ng5 d5 5. exd5 Nxd5 6. Qf3 Qd7 7. Bxd5 Qf5 8.
Qxf5 Bxf5 9. d3 Nd8 10. O-O Be6 11. Bxe6 fxe6 12. Re1 Bd6 13. Bd2 h6 14. Nf3
Nf7 15. Bc3 O-O-O 16. Bxe5 Nxe5 17. Nxe5 Bxe5 18. Rxe5 Rhe8 19. Nc3 a6 20. Rae1
Rd6 21. f4 g6 22. Ne4 Rd5 23. Nf6 Rxe5 24. Rxe5 Re7 25. g3 c6 26. Ng8 Re8 27.
Nxh6 Kc7 28. Kg2 b5 29. h4 Kb6 30. Nf7 c5 31. Ng5 Ka5 32. Rxe6 Rxe6 33. Nxe6
Kb6 34. Nf8 a5 35. Nxg6 a4 36. b3 b4 37. f5 axb3 38. axb3 Kc6 39. f6 1-0

[Event "HEM 2015 B Turnier"]
[Site "Frankfurt-Sossenheim"]
[Date "2015.??.??"]
[Round "6.37"]
[White "Droeser, Wolfgang"]
[Black "Stier, Ingrid"]
[Result "1-0"]
[WhiteElo "1461"]
[BlackElo "1086"]
[PlyCount "175"]
[EventDate "2015.??.??"]
[WhiteTeam "SF Frankfurt"]
[BlackTeam "SVG Lauterbach"]

1. f4 d5 2. Nf3 Nc6 3. e3 Bf5 4. d3 Nf6 5. b3 e6 6. Bb2 Be7 7. Be2 Bb4+ 8. Nbd2
Bc5 9. d4 Bb6 10. a3 a6 11. O-O Ng4 12. Qb1 Nxe3 13. Rc1 Bg4 14. h3 Bxf3 15.
Nxf3 Nf5 16. Re1 Nfxd4 17. Bd1 Nxc2+ 18. Kh2 Nxe1 19. Nxe1 O-O 20. Bc2 g6 21.
Nf3 Qd6 22. g3 f5 23. Ra2 d4 24. Bd3 h6 25. h4 Rae8 26. Ba1 Qd5 27. Rf2 Rf6 28.
Qd1 e5 29. Bc4 Qxc4 30. bxc4 Rfe6 31. Qc1 Bc5 32. fxe5 Kh7 33. Qf4 Nxe5 34.
Nxe5 Rxe5 35. Bxd4 Bxd4 36. Qxd4 R8e7 37. Qb2 b5 38. Qb4 bxc4 39. Qxc4 a5 40.
g4 Re4 41. Qc5 R4e5 42. Qc4 Re4 43. Qc3 Rxg4 44. Kh3 a4 45. h5 Rge4 46. hxg6+
Kg8 47. Qc1 Re3+ 48. Kg2 Kg7 49. Qc6 R3e6 50. Qc3+ Kxg6 51. Qg3+ Kh7 52. Qd3
Rg7+ 53. Kf1 Rd6 54. Qxf5+ Rdg6 55. Rg2 c5 56. Rxg6 Rxg6 57. Qxc5 Rf6+ 58. Kg2
Kg6 59. Qc2+ Kg5 60. Qxa4 h5 61. Kg3 Rf5 62. Qd4 Kg6 63. Qd6+ Rf6 64. Qd3+ Kg5
65. Qd5+ Kh6 66. a4 Rg6+ 67. Kh3 Rg4 68. a5 Rg6 69. Qd3 Re6 70. a6 Kg7 71. Qd7+
Kf6 72. Qxe6+ Kxe6 73. a7 Kf5 74. Kh4 Kg6 75. a8=Q Kf6 76. Kxh5 Ke5 77. Kg5 Ke6
78. Qe4+ Kd6 79. Kf5 Kc5 80. Ke5 Kb5 81. Kd5 Kb6 82. Qc4 Kb7 83. Qc5 Kb8 84.
Kd6 Kb7 85. Qb5+ Kc8 86. Qd7+ Kb8 87. Kc6 Ka8 88. Qb7# 1-0